Ada-e-sukhan (Record no. 576775)
[ view plain ]
| 000 -LEADER | |
|---|---|
| fixed length control field | 00319nam a22001337a 4500 |
| 020 ## - INTERNATIONAL STANDARD BOOK NUMBER | |
| International Standard Book Number | 9789695814734 |
| 082 ## - DEWEY DECIMAL CLASSIFICATION NUMBER | |
| Classification number | 891.4391 BUS |
| 100 ## - MAIN ENTRY--PERSONAL NAME | |
| Personal name | Bushra Khatoon. Dr |
| 9 (RLIN) | 69534 |
| 245 ## - TITLE STATEMENT | |
| Title | Ada-e-sukhan |
| 260 ## - PUBLICATION, DISTRIBUTION, ETC. | |
| Place of publication, distribution, etc. | Faisalabad |
| Name of publisher, distributor, etc. | Mishal Publisher |
| Date of publication, distribution, etc. | 2019 |
| 300 ## - PHYSICAL DESCRIPTION | |
| Extent | 212 P |
| 650 ## - SUBJECT ADDED ENTRY--TOPICAL TERM | |
| Topical term or geographic name entry element | URDU ADAB-POETRY |
| 9 (RLIN) | 28226 |
| 942 ## - ADDED ENTRY ELEMENTS (KOHA) | |
| Koha item type | Book |
| Withdrawn status | Lost status | Source of classification or shelving scheme | Damaged status | Not for loan | Permanent Location | Current Location | Shelving location | Date acquired | Shelving control number | Full call number | Barcode | Date last seen | Price effective from | Koha item type | Public note | Collection code | Total Checkouts |
|---|---|---|---|---|---|---|---|---|---|---|---|---|---|---|---|---|---|
| College of Electrical & Mechanical Engineering (CEME) | College of Electrical & Mechanical Engineering (CEME) | Fiction | 09/02/2019 | Urdu Literature | 891.4391 BUS | CEME-49536 | 06/28/2021 | 06/28/2021 | Book | 1.0 | |||||||
| College of Electrical & Mechanical Engineering (CEME) | College of Electrical & Mechanical Engineering (CEME) | Fiction | 09/02/2019 | Urdu Literature | 891.4391 BUS | CEME-49537 | 06/28/2021 | 06/28/2021 | Book | 1.0 | |||||||
| College of Electrical & Mechanical Engineering (CEME) | College of Electrical & Mechanical Engineering (CEME) | Fiction | 09/02/2019 | Urdu Literature | 891.4391 BUS | CEME-49538 | 06/28/2021 | 06/28/2021 | Book | 1.0 | |||||||
| College of Electrical & Mechanical Engineering (CEME) | College of Electrical & Mechanical Engineering (CEME) | General Stacks | 09/02/2019 | 891.4391 BUS | CEME-49539 | 06/28/2021 | 06/28/2021 | Book |
